00401ntaaa2200145 45000030003000000050017000030080021000200400037000410820017000781000038000952450043001332500010001762600059001863000010002450120251027202757.00714s1973 ag 01  aAR-BaBNbspacAR-BaBNeaacrdRIC a813.0000 H39 aHenry, O (William Sydney Porter)  aPasajeros en arcadía y otros cuentos a1 ed. aBuenos Aires : bEditorial Hobbs-Sudamericana, cc1966 a294 p